Statistics for Countries Containing Multiple Os

Click here to take the quiz!

General Stats

  • This quiz has been taken 67 times
    (48 since last reset)
  • The average score is 15 of 21

Answer Stats

HintAnswer% Correct
South AmericaColombia
95%
AfricaMorocco
90%
AfricaD.R.Congo
87%
AfricaRep. of the Congo
82%
AfricaComoros
79%
EuropeKosovo
79%
AfricaTogo
79%
EuropeMontenegro
77%
OceaniaSolomon Islands
74%
AsiaMongolia
72%
EuropeMonaco
69%
AfricaCameroon
67%
EuropeMoldova
67%
AsiaNorth Korea
67%
AsiaSouth Korea
67%
AfricaLesotho
64%
EuropeBosnia and Herzegovina
56%
EuropeNorth Macedonia
56%
North AmericaTrinidad and Tobago
56%
AfricaSao Tome and Principe
54%
AfricaIvory Coast
44%

Score Distribution

Percentile by Number Answered

Percent of People with Each Score

Your Score History

You have not taken this quiz since the last reset